Az üzleti intelligencia szerepe a Nestlé Hungária Kft. életében

Bibliográfiai részletek
Szerző: Szendrei Gergő
További közreműködők: Dobák Dr. Dóra
Dokumentumtípus: Diplomadolgozat
Kulcsszavak:BI
Nestlé
SAP
Online Access:http://dolgozattar.uni-bge.hu/9161

MARC

LEADER 00000nta a2200000 i 4500
001 dolg9161
005 20161216094941.0
008 161216suuuu hu om 000 hun d
040 |a BGE Dolgozattár Repozitórium  |b hun 
041 |a hu 
100 1 |a Szendrei Gergő 
245 1 3 |a Az üzleti intelligencia szerepe a Nestlé Hungária Kft. életében  |c Szendrei Gergő  |h [elektronikus dokumentum] 
695 |a BI 
695 |a Nestlé 
695 |a SAP 
700 1 |a Dobák Dr. Dóra  |e ths 
856 4 0 |u http://dolgozattar.uni-bge.hu/9161/1/Szakdolgozat.pdf  |z Dokumentum-elérés 
856 4 0 |u http://dolgozattar.uni-bge.hu/9161/2/Titkos.pdf  |z Dokumentum-elérés